The development of ecological economics

Αποθηκεύτηκε σε:
Λεπτομέρειες βιβλιογραφικής εγγραφής
Άλλοι συγγραφείς: Costanza, Robert (Επιμελητής έκδοσης), Perrings, Charles (Επιμελητής έκδοσης), Cleveland, Cutler J. (Επιμελητής έκδοσης)
Μορφή: Βιβλίο
Γλώσσα:English
Δημοσίευση: Cheltenham : Edward Elgar, c1997.
Σειρά:International library of critical writings in economics ; ; 75
Elgar reference collection
Θέματα:
Ετικέτες: Προσθήκη ετικέτας
Δεν υπάρχουν, Καταχωρήστε ετικέτα πρώτοι!

MARC

LEADER 00000cam a2200000 i 4500
001 1/102311
008 000224s1997 eng d
020 |a 1-85898-386-X 
035 |l 10058035 
040 |a GR-MY-UA  |b    |e aacr 
041 0 |a eng 
082 0 |a 333.7 
245 1 4 |a The development of ecological economics /   |c edited by Robert Costanza, Charles Robert and Cutler J. Cleveland.  
260 |a Cheltenham :   |b Edward Elgar,   |c c1997.  
300 |a 777 σ. :   |b πιν. σχ.  
490 1 |a (International library of critical writings in economics  |v ; 75)  
490 1 |a (Elgar reference collection)  
504 |a Περιλαμβάνει βιβλιογραφικές παραπομπές και ευρετήριο.  
650 0 0 |a Environmental economics. 
700 1 |a Costanza, Robert,  |e edt 
700 1 |a Perrings, Charles,  |e edt 
700 1 |a Cleveland, Cutler J.  |e edt 
830 0 |a International library of critical writings in economics ;  |v ; 75 
830 0 |a Elgar reference collection 
852 |a INST  |b LESVOS  |e 20000224  |h 333.7 DEV  |p 005100020823  |q 005100020823  |t BK  |y 0 
901 |a BIBL1-2000-1 
909 |a Λ  |b 074914 
922 |a 1ΕΛΗ  |b 200002  |c ΚΠΣ/ΠΜΣ  |d ΠΑΠΑΣΩΤΗΡΙΟΥ 
950 |a 157-1999-12-06 
970 |a ΜΟΥΣΤΑΚΑ  |b ΠΗΝΕΛΟΠΗ  |z 2000/03/16